[Event "Olimpiade 2014 - Open"]
[Site "Tromsø"]
[Date "11.08.2014"]
[Round "9.78"]
[Board "4"]
[White "Balbalosa, Jeffrey"]
[Black "Wong, Kit"]
[Result "1/2-1/2"]
[WhiteElo "1723"]
[BlackElo "1565"]
[WhiteTeam "Palau"]
[BlackTeam "Macau"]
[WhiteFideId "16600240"]
[BlackFideId "15400379"]
[EventDate "2014.08.02"]

1. d4 d5 2. Nf3 Nf6 3. e3 Bf5 4. Bd3 Bxd3 5. Qxd3 Nbd7 6. c3 e6 7. Nbd2 c5 8.
O-O Bd6 9. e4 dxe4 10. Nxe4 Nxe4 11. Qxe4 cxd4 12. Qxd4 Nf6 13. Bg5 Be7 14. Qe5
O-O 15. Rad1 Qb6 16. b3 Rac8 17. h3 h6 18. Be3 Qc7 19. Qxc7 Rxc7 20. c4 b6 21.
Rd3 Rd8 22. Rfd1 Rxd3 23. Rxd3 Kf8 24. Bf4 Rc8 25. Ne5 Ke8 26. Kf1 Bc5 27. f3
Ke7 28. Ke2 Ke8 29. g4 Be7 30. Be3 Rc7 31. h4 Nd7 32. Nxd7 Rxd7 33. Rxd7 Kxd7
34. h5 Kc6 35. Kd3 Bc5 36. Bxc5 Kxc5 37. a3 a5 38. Kc3 e5 39. b4+ Kc6 40. Kd3
Kd6 41. Ke4 Ke6 42. c5 axb4 43. axb4 bxc5 44. bxc5 g6 45. hxg6 fxg6 46. c6 Kd6
47. c7 Kxc7 48. Kxe5 Kd7 49. Kf4 Ke6 50. Kg3 Kf6 51. f4 Ke6 52. Kh4 Kf6 53. Kg3 1/2-1/2

[Event "Olimpiade 2014 - Open"]
[Site "Tromsø"]
[Date "11.08.2014"]
[Round "9.79"]
[Board "1"]
[White "Drayton, Anthony"]
[Black "Mooney, Graham"]
[Result "0-1"]
[WhiteElo "1828"]
[BlackElo "1880"]
[WhiteTeam "Guyana"]
[BlackTeam "Jersey"]
[WhiteFideId "19700261"]
[BlackFideId "15600106"]
[EventDate "2014.08.02"]

1. e4 c5 2. Nf3 Nc6 3. d4 cxd4 4. Nxd4 Nf6 5. Nc3 g6 6. Be3 Bg7 7. Be2 O-O 8.
O-O d6 9. Qd2 Nxd4 10. Bxd4 Bd7 11. Rad1 Bc6 12. f4 e5 13. fxe5 dxe5 14. Bc5
Qxd2 15. Rxd2 Rfe8 16. Bc4 Rec8 17. Bb3 Be8 18. Be7 Rxc3 19. bxc3 Nxe4 20. Rd3
Rc8 21. Rfd1 Bf6 22. Rd8 Rxd8 23. Rxd8 Bxe7 24. Rxe8+ Bf8 25. Rxe5 Nxc3 26. Kf1
Bd6 27. Re3 Nb5 28. h3 Kg7 29. Rd3 Bf8 30. Rd7 Nd6 31. c4 Ne4 32. Rxb7 Bc5 33.
Ke2 Kf6 34. Rc7 Bb6 35. Rc8 Kg5 36. Kf3 f5 37. Bc2 Nd6 38. Rc6 Nf7 39. h4+ Kxh4
40. Kf4 Bf2 41. Rf6 Bg3+ 42. Ke3 Ne5 43. Kd4 Ng4 44. Rf7 Bf2+ 45. Kc3 h5 46.
Bxf5 gxf5 47. Rxf5 Ne3 48. Rf3 Ng4 49. Kb4 Ne5 50. Rh3+ Kg4 51. c5 a6 52. Ra3 h4
53. Rxa6 Nd3+ 54. Kc4 Nxc5 55. Rg6+ Kf5 56. Rg8 Ne6 57. a4 Nf4 58. a5 Ke4 59. a6
Bb6 60. Rg4 Kf5 61. Rg8 Nxg2 62. Rxg2 h3 63. Rb2 Bg1 64. Rb8 Kf4 65. Kd3 h2 66.
Rh8 Kg3 67. Ke2 Kg2 68. Rg8+ Kh3 69. Kf1 Bd4 0-1

[Event "Olimpiade 2014 - Open"]
[Site "Tromsø"]
[Date "11.08.2014"]
[Round "9.79"]
[Board "2"]
[White "Kahn, Tito"]
[Black "Greenidge, Ronuel"]
[Result "0-1"]
[WhiteElo "2000"]
[BlackElo "1630"]
[WhiteTeam "Jersey"]
[BlackTeam "Guyana"]
[WhiteFideId "15600084"]
[BlackFideId "19700075"]
[EventDate "2014.08.02"]

1. d4 d5 2. Bf4 Nf6 3. e3 e6 4. Nf3 Be7 5. Nbd2 O-O 6. h3 b6 7. Bd3 Bb7 8. O-O
Nbd7 9. Re1 Ne4 10. c3 c5 11. Qc2 Ndf6 12. Ne5 Rc8 13. f3 Nd6 14. Bh2 g6 15.
Rad1 Re8 16. Qb1 Bf8 17. Kh1 Nd7 18. e4 cxd4 19. cxd4 Bg7 20. Nxg6 hxg6 21. Bxd6
Bxd4 22. Nb3 Be5 23. Bxe5 Nxe5 24. Bb5 Re7 25. f4 Nc4 26. Nd4 Rec7 27. e5 a6 28.
Ba4 b5 29. Bc2 Qh4 30. Bxg6 Qxf4 31. Nf3 fxg6 32. Qxg6+ Rg7 33. Qxe6+ Qf7 34.
Qxf7+ Kxf7 35. b3 Nb6 36. Nd4 Rc7 37. e6+ Ke8 38. Nf5 Rg5 39. g4 d4+ 40. Kg1 Nd5
41. Rxd4 Ne7 42. Nd6+ Kf8 43. Nxb7 Rxb7 44. Rd8+ Kg7 45. Rd7 Rxd7 46. exd7 Nc6
47. Re7+ Kf6 48. Re8 Rd5 49. Ra8 Rxd7 50. Rxa6 Rc7 51. a3 Kg5 52. Rb6 Kh4 53.
Kg2 Nd4 54. Rh6+ Kg5 55. Rd6 Rc2+ 56. Kg3 Rc3+ 57. Kg2 Rd3 58. Rd8 Rd2+ 59. Kf1
Kh4 60. Rh8+ Kg3 61. g5 Rd1# 0-1

[Event "Olimpiade 2014 - Open"]
[Site "Tromsø"]
[Date "11.08.2014"]
[Round "9.79"]
[Board "3"]
[White "Su, Haifeng"]
[Black "Belzo, Krzysztof"]
[Result "1/2-1/2"]
[WhiteElo "1724"]
[BlackElo "2034"]
[WhiteTeam "Guyana"]
[BlackTeam "Jersey"]
[WhiteFideId "19700202"]
[BlackFideId "1126768"]
[EventDate "2014.08.02"]

1. e4 c5 2. Nf3 Nc6 3. Bb5 g6 4. Bxc6 dxc6 5. d3 Bg7 6. h3 Nf6 7. Nc3 O-O 8. Be3
Qa5 9. Qd2 Rd8 10. O-O c4 11. Bh6 cxd3 12. Bxg7 Kxg7 13. cxd3 Qh5 14. Qe3 Qh6
15. Ne5 Qxe3 16. fxe3 Be6 17. d4 Ne8 18. d5 cxd5 19. exd5 Bxd5 20. Nxd5 Rxd5 21.
Rxf7+ Kg8 22. Rxe7 Kf8 23. Re6 Ng7 24. Rf1+ Kg8 25. Ng4 Nxe6 26. Nf6+ Kg7 27.
Nxd5 Rd8 28. Nf4 Nxf4 29. exf4 Kf6 30. Rf2 Rd4 31. g3 a5 1/2-1/2

[Event "Olimpiade 2014 - Open"]
[Site "Tromsø"]
[Date "11.08.2014"]
[Round "9.79"]
[Board "4"]
[White "Forbes, Garry"]
[Black "Varona-Thomas, Maria"]
[Result "1-0"]
[WhiteElo "1917"]
[BlackElo "1777"]
[WhiteTeam "Jersey"]
[BlackTeam "Guyana"]
[WhiteFideId "10700331"]
[BlackFideId "19700288"]
[EventDate "2014.08.02"]

1. d4 Nf6 2. Nf3 g6 3. Nc3 Bg7 4. e4 d6 5. Be3 O-O 6. Qd2 c6 7. Bd3 Qa5 8. h3 a6
9. O-O Nbd7 10. a3 e5 11. b4 Qc7 12. Rad1 b5 13. Rfe1 Bb7 14. dxe5 dxe5 15. Nb1
c5 16. c3 c4 17. Bc2 Rad8 18. Bg5 Nc5 19. Qe3 Rxd1 20. Rxd1 Ne6 21. Bh4 Nh5 22.
Ne1 f5 23. f3 f4 24. Qe2 Ng3 25. Qf2 Nh5 26. Qe2 Ng3 27. Qf2 Nh5 28. Qe2 g5 29.
Bf2 Ng3 30. Bxg3 fxg3 31. Qe3 Bh6 32. Nd2 Nf4 33. Nf1 g4 34. Qc5 Qg7 35. hxg4
Ne2+ 36. Kh1 Qxg4 37. Qxf8+ Bxf8 38. fxg4 Nxc3 39. Rd7 Bxe4 40. Bxe4 Nxe4 41.
Ne3 a5 42. N1c2 axb4 43. axb4 Nf2+ 44. Kg1 Nd3 45. Rb7 e4 46. Kf1 Bxb4 47. Nxb4
Nxb4 48. Nxc4 Nc2 49. Rxb5 e3 50. Re5 e2+ 51. Kxe2 Nd4+ 52. Ke3 Nc2+ 53. Kf3 Kg7
54. Kxg3 Nb4 55. Re6 Kf7 56. Rb6 Nd5 57. Ra6 Kg7 58. Kh4 Nf4 59. Ne3 Ng6+ 60.
Kg3 Ne5 61. Nf5+ Kf7 62. Kh4 Ng6+ 63. Kg5 Nf8 64. Kh6 Kg8 65. Ra8 Kf7 66. Rxf8+ 1-0

[Event "Olimpiade 2014 - Open"]
[Site "Tromsø"]
[Date "11.08.2014"]
[Round "9.84"]
[Board "1"]
[White "Lettsome, Maurice"]
[Black "Ndikumana, Yves"]
[Result "0-1"]
[WhiteElo "1783"]
[BlackElo "2030"]
[WhiteTeam "British Virgin Isles"]
[BlackTeam "Burundi"]
[WhiteFideId "2700093"]
[BlackFideId "20300018"]
[EventDate "2014.08.02"]

1. c4 c5 2. Nf3 Nc6 3. Nc3 g6 4. g3 Bg7 5. Bg2 d6 6. O-O Nf6 7. d4 cxd4 8. Nxd4
Nxd4 9. Qxd4 O-O 10. Qd1 Rb8 11. e4 Bg4 12. Qd3 Qd7 13. Bg5 h6 14. Bxf6 Bxf6 15.
b3 b6 16. Rac1 Rfc8 17. Nd5 Bg7 18. Rfe1 Rc5 19. b4 Rcc8 20. h3 Be6 21. Nf4 Rc7
22. Nd5 Bxd5 23. exd5 Qa4 24. a3 Bb2 25. Rb1 Bg7 26. Bf1 Qd7 27. Kh2 Rbc8 28.
Rbc1 Qa4 29. Rc2 Qd7 30. Rec1 Kf8 31. Qf3 Bf6 32. Bd3 Kg7 33. h4 h5 34. Re1 Qa4
35. Re3 b5 36. Qe2 bxc4 37. Bxc4 a5 38. Bb3 Qxa3 39. Rxc7 Rxc7 40. bxa5 Qxa5 41.
Qf3 Qb4 42. Re4 Qa3 43. Re3 Qb2 44. Kg2 Rc1 45. Bd1 Qa1 46. Rd3 Rb1 47. Qe2 Qa5
48. Qc2 Rb2 49. Qa4 Qc5 50. Qf4 Be5 51. Qe3 Rb4 52. Qxc5 dxc5 53. f4 Bd4 54. Kf3
Rb2 55. Be2 f6 56. Ra3 Rb7 57. Bc4 Rb4 58. Be2 c4 59. Ra8 c3 60. Bd3 Rb2 61. Ke4
Bf2 62. Rc8 Be1 63. f5 gxf5+ 64. Kxf5 Rf2+ 65. Ke6 Rf3 66. Bc2 Re3+ 67. Kd7 Bxg3
68. Bf5 Bd6 69. Be6 Bb4 70. Rg8+ Kh7 71. Rg2 Bd6 72. Rg8 Rxe6 73. Rc8 Re3 74.
Ke8 Rg3 75. Kf7 Bb4 76. Ke6 Rg2 77. Rf8 c2 78. Rc8 Ba3 79. d6 exd6 80. Rc7+ Kh6
81. Rf7 c1=Q 0-1

[Event "Olimpiade 2014 - Open"]
[Site "Tromsø"]
[Date "11.08.2014"]
[Round "9.86"]
[Board "1"]
[White "Dukaczewski, Piotr"]
[Black "Pascoal, Eduardo A"]
[Result "1/2-1/2"]
[WhiteTitle "IM"]
[BlackTitle "FM"]
[WhiteElo "2288"]
[BlackElo "2181"]
[WhiteTeam "IBCA"]
[BlackTeam "Angola"]
[WhiteFideId "1103520"]
[BlackFideId "10100326"]
[EventDate "2014.08.02"]

1. e4 e6 2. d4 d5 3. Nd2 h6 4. c3 Nf6 5. e5 Nfd7 6. Bd3 c5 7. Ne2 Nc6 8. O-O Qb6
9. Nf3 g5 10. Bc2 Be7 11. b3 cxd4 12. cxd4 Nf8 13. Be3 Nb4 14. Bb1 Bd7 15. a3
Nc6 16. Nc3 Na5 17. b4 Nc4 18. Qb3 a5 19. Bd3 a4 20. Qc2 Qc7 21. Nd2 b5 22. Bxc4
bxc4 23. f4 g4 24. f5 Qb7 25. f6 Bd8 26. Rab1 Bb6 27. Rfd1 Ng6 28. Nf1 Qa7 29.
Qd2 h5 30. Kh1 h4 31. Ne2 h3 32. g3 Rc8 33. Kg1 Qb7 34. Bf4 Rh5 35. Ne3 c3 36.
Nxc3 Nxe5 37. Bxe5 Rxe5 38. Nxg4 Rh5 39. Qe3 Rc4 40. Ne2 Qc7 41. Nf4 Qa7 42. Ne2
Qc7 43. Kf1 Bb5 44. Ke1 Rc2 45. Nf4 Qc4 46. Rd3 Rf5 47. Rbd1 Bxd4 48. Qxd4 Qxd4
49. Rxd4 Rxf4 50. gxf4 Re2+ 51. Kf1 Rg2+ 52. Ke1 Re2+ 53. Kf1 Rg2+ 54. Ke1 Re2+ 1/2-1/2

[Event "Olimpiade 2014 - Open"]
[Site "Tromsø"]
[Date "11.08.2014"]
[Round "9.86"]
[Board "2"]
[White "Domingos, Catarino"]
[Black "Meshkov, Yuri A."]
[Result "1/2-1/2"]
[WhiteTitle "FM"]
[BlackTitle "IM"]
[WhiteElo "2280"]
[BlackElo "2357"]
[WhiteTeam "Angola"]
[BlackTeam "IBCA"]
[WhiteFideId "10100253"]
[BlackFideId "4107101"]
[EventDate "2014.08.02"]

1. d4 Nf6 2. Nf3 c5 3. e3 g6 4. Be2 Bg7 5. O-O O-O 6. c3 d5 7. b3 Nfd7 8. Bb2
Nc6 9. Nbd2 Qb6 10. c4 cxd4 11. cxd5 d3 12. Bxd3 Nb4 13. Bxg7 Kxg7 14. Nc4 Qc5
15. e4 f5 16. exf5 Qxd5 17. Bb1 Qxd1 18. Rxd1 gxf5 19. a3 Nc6 20. b4 Kf6 21. Ba2
Nde5 22. Nfxe5 Nxe5 23. Nxe5 Kxe5 24. Rac1 Kf6 25. f4 Rb8 26. Rc7 h6 27. Re1 e6
28. Rec1 Rd8 29. Bc4 Bd7 30. Be2 Rbc8 31. Bh5 Ke7 32. Bf3 b6 33. Kf2 Kd6 34.
R7c3 Rxc3 35. Rxc3 Rc8 36. Rxc8 Bxc8 37. Kg3 Bd7 38. Kh4 Be8 39. Bh5 Bc6 40. Bf3
Be8 1/2-1/2

[Event "Olimpiade 2014 - Open"]
[Site "Tromsø"]
[Date "11.08.2014"]
[Round "9.86"]
[Board "3"]
[White "Stachanczyk, Jacek"]
[Black "Agnelo, Amorim"]
[Result "1-0"]
[WhiteTitle "FM"]
[BlackTitle "IM"]
[WhiteElo "2299"]
[BlackElo "2225"]
[WhiteTeam "IBCA"]
[BlackTeam "Angola"]
[WhiteFideId "1116657"]
[BlackFideId "10100180"]
[EventDate "2014.08.02"]

1. e4 d6 2. d4 Nf6 3. Nc3 g6 4. f4 Bg7 5. Bd3 O-O 6. Nf3 Nbd7 7. e5 Ne8 8. Ne4
c5 9. c3 cxd4 10. cxd4 dxe5 11. dxe5 Nc5 12. Nxc5 Qa5+ 13. Kf2 Qxc5+ 14. Be3 Qa5
15. Re1 Nc7 16. Rc1 Nd5 17. Qd2 Qxd2+ 18. Bxd2 Rd8 19. Be4 Bg4 20. h3 Bxf3 21.
Kxf3 e6 22. Rc2 Bf8 23. Rec1 Rd7 24. a3 Rad8 25. Be1 Be7 26. Bf2 b6 27. Rc8 Kf8
28. g4 f5 29. exf6 Bxf6 30. R8c2 Ke7 31. Be1 Kf7 32. h4 Bd4 33. Rd1 Bf6 34. Rcd2
Ke7 35. g5 Bh8 36. h5 Kf7 37. hxg6+ hxg6 38. Bf2 Bg7 39. Rh1 Rh8 40. Rxh8 Bxh8
41. b4 Nf6 42. Bd3 Nd5 43. Bg3 Bc3 44. Rd1 Rd8 45. Be4 Rd7 46. Rd3 Bb2 47. a4
Bg7 48. b5 Bb2 49. Be1 Bg7 50. Kg4 Bb2 51. Kf3 Bg7 52. Bf2 Bb2 53. Bg1 Bg7 54.
a5 Bf8 55. a6 Bb4 56. Bf2 Ba5 57. Kg4 Bb4 58. Bd4 Bd6 59. Bxd5 exd5 60. f5 Re7
61. Re3 Rxe3 62. Bxe3 Bc7 63. Bd4 Bb8 64. Bc3 Bc7 65. Bf6 Bb8 66. Bd8 d4 67.
fxg6+ Kxg6 68. Kf3 Kf5 69. Ke2 Ke5 70. Kd3 Kd5 71. g6 1-0

[Event "Olimpiade 2014 - Open"]
[Site "Tromsø"]
[Date "11.08.2014"]
[Round "9.86"]
[Board "4"]
[White "Simoes, Joao ANG"]
[Black "Mueller, Oliver"]
[Result "1/2-1/2"]
[WhiteTitle "CM"]
[BlackTitle "FM"]
[WhiteElo "2245"]
[BlackElo "2312"]
[WhiteTeam "Angola"]
[BlackTeam "IBCA"]
[WhiteFideId "10100520"]
[BlackFideId "4633385"]
[EventDate "2014.08.02"]

1. d4 Nf6 2. Nf3 g6 3. c4 Bg7 4. g3 O-O 5. Bg2 d6 6. O-O Nbd7 7. Nc3 e5 8. Re1
Re8 9. d5 a5 10. e4 Nc5 11. h3 Rf8 12. Qc2 b6 13. Bg5 Bd7 14. Qd2 Qc8 15. Kh2
Rb8 16. Bf1 Nh5 17. g4 Nf6 18. Nh4 Kh8 19. f3 Ng8 20. Be2 f6 21. Be3 Qd8 22. Ng2
f5 23. Rf1 Qe7 24. Rae1 Rf7 25. Bg5 Qf8 26. Kg1 Bh6 27. Bxh6 Qxh6 28. Qxh6 Nxh6
29. Kh2 Ng8 30. gxf5 gxf5 31. f4 exf4 32. Rxf4 Rbf8 33. Ref1 Ne7 34. exf5 Rxf5
35. Bg4 Rxf4 36. Rxf4 Ng6 37. Rxf8+ Nxf8 38. Bxd7 Nfxd7 39. Nb5 Ne5 40. Nxc7
Nxc4 41. b3 Nd2 42. Nb5 Nce4 43. Ne3 Kg7 44. Nf5+ Kf6 45. Nfxd6 Ke5 46. Nc4+
Kxd5 47. Nba3 Kc5 48. Nxd2 Nxd2 49. Nc2 Ne4 50. Kg2 Nc3 51. a3 b5 52. b4+ axb4
53. axb4+ Kc4 54. Kf3 Kb3 55. Nd4+ Kxb4 56. Kf4 Kc4 57. Nxb5 Nxb5 58. Kg5 Kd5
59. Kh6 1/2-1/2

[Event "Olimpiade 2014 - Open"]
[Site "Tromsø"]
[Date "12.08.2014"]
[Round "10.1"]
[Board "4"]
[White "Ni, Hua"]
[Black "Edouard, Romain"]
[Result "1/2-1/2"]
[WhiteTitle "GM"]
[BlackTitle "GM"]
[WhiteElo "2666"]
[BlackElo "2680"]
[WhiteTeam "China"]
[BlackTeam "France"]
[WhiteFideId "8601160"]
[BlackFideId "633429"]
[EventDate "2014.08.02"]

1. d4 d5 2. Nf3 Nf6 3. c4 dxc4 4. e3 e6 5. Bxc4 c5 6. O-O a6 7. dxc5 Qxd1 8.
Rxd1 Bxc5 9. Be2 b6 10. Ne5 Bb7 11. Nc3 b5 12. Bd2 Bd6 13. Nd3 Nbd7 14. b4 Ke7
15. a4 Ne4 16. axb5 Nxc3 17. Bxc3 axb5 18. Nc5 Rxa1 19. Rxa1 Nxc5 20. bxc5 Bxc5
21. Bxb5 Rc8 22. Be1 Ra8 23. Rxa8 Bxa8 24. Bc3 g6 25. Kf1 Bd5 26. Bd3 f5 27. Be5
Bd6 28. Bxd6+ Kxd6 29. f4 Ke7 30. Kf2 Kf6 1/2-1/2

[Event "Olimpiade 2014 - Open"]
[Site "Tromsø"]
[Date "12.08.2014"]
[Round "10.2"]
[Board "3"]
[White "Eljanov, Pavel"]
[Black "Mamedov, Rauf"]
[Result "1-0"]
[WhiteTitle "GM"]
[BlackTitle "GM"]
[WhiteElo "2723"]
[BlackElo "2659"]
[WhiteTeam "Ukraine"]
[BlackTeam "Azerbaijan"]
[WhiteFideId "14102951"]
[BlackFideId "13401653"]
[EventDate "2014.08.02"]

1. d4 d5 2. c4 c6 3. cxd5 cxd5 4. Bf4 Nc6 5. e3 Nf6 6. Nc3 Bf5 7. Rc1 Qb6 8. Bb5
e6 9. Nf3 Bb4 10. O-O Bxc3 11. Bxc6+ bxc6 12. bxc3 O-O 13. Ne5 Qa6 14. g4 Bg6
15. h4 h6 16. Nxg6 fxg6 17. f3 h5 18. Qc2 Kh7 19. Bd6 Rf7 20. Rf2 Rd7 21. Be5
Rf8 22. Bxf6 Rxf6 23. gxh5 Kh6 24. hxg6 Rxg6+ 25. Rg2 Rxg2+ 26. Kxg2 Rf7 27. Rg1
g6 28. Kh1 Rf6 29. h5 1-0

[Event "Olimpiade 2014 - Open"]
[Site "Tromsø"]
[Date "12.08.2014"]
[Round "10.2"]
[Board "4"]
[White "Safarli, Eltaj"]
[Black "Moiseenko, Alexander"]
[Result "1/2-1/2"]
[WhiteTitle "GM"]
[BlackTitle "GM"]
[WhiteElo "2649"]
[BlackElo "2707"]
[WhiteTeam "Azerbaijan"]
[BlackTeam "Ukraine"]
[WhiteFideId "13402129"]
[BlackFideId "14102560"]
[EventDate "2014.08.02"]

1. e4 c5 2. Nf3 e6 3. d3 Nc6 4. g3 d5 5. Nbd2 Nf6 6. Bg2 g6 7. O-O Bg7 8. exd5
Nxd5 9. Nb3 b6 10. d4 Ba6 11. Re1 cxd4 12. Nfxd4 Nxd4 13. Nxd4 O-O 14. Nc6 Qc7
15. Bxd5 exd5 16. Ne7+ Kh8 17. Nxd5 Qc8 18. Be3 Bb7 19. Qd3 Bxd5 20. Qxd5 Qxc2
21. Bd4 Rad8 22. Bxg7+ Kxg7 23. Qe5+ Kg8 24. Rac1 Qa4 25. a3 Rfe8 26. Qf6 Rxe1+
27. Rxe1 Rd1 28. Rxd1 Qxd1+ 29. Kg2 Qd5+ 30. Kg1 Qd1+ 31. Kg2 Qd5+ 1/2-1/2

[Event "Olimpiade 2014 - Open"]
[Site "Tromsø"]
[Date "12.08.2014"]
[Round "10.3"]
[Board "3"]
[White "Palac, Mladen"]
[Black "Johannessen, Leif Erlend"]
[Result "1/2-1/2"]
[WhiteTitle "GM"]
[BlackTitle "GM"]
[WhiteElo "2563"]
[BlackElo "2528"]
[WhiteTeam "Croatia"]
[BlackTeam "Norway"]
[WhiteFideId "14500116"]
[BlackFideId "1501674"]
[EventDate "2014.08.02"]

1. e4 e6 2. d4 d5 3. Nc3 Nf6 4. e5 Nfd7 5. f4 c5 6. Nf3 Nc6 7. Be3 cxd4 8. Nxd4
Qb6 9. Qd2 Qxb2 10. Rb1 Qa3 11. Bb5 Nxd4 12. Bxd4 a6 13. Bxd7+ Bxd7 14. Rb3 Qe7
15. Rxb7 Qd8 16. O-O Rb8 17. Rxb8 Qxb8 18. f5 Qc8 19. Qe3 h5 20. Rb1 h4 21. Ba7
Qc7 22. Rb8+ Bc8 23. Qd4 Rh5 24. h3 Rxf5 25. Na4 f6 26. Qb6 Kd7 27. Qd4 Ke8 28.
Qb6 Kd7 29. Qd4 Ke8 30. Qb6 Kd7 1/2-1/2

[Event "Olimpiade 2014 - Open"]
[Site "Tromsø"]
[Date "12.08.2014"]
[Round "10.3"]
[Board "4"]
[White "Lie, Kjetil A."]
[Black "Kozul, Zdenko"]
[Result "0-1"]
[WhiteTitle "GM"]
[BlackTitle "GM"]
[WhiteElo "2528"]
[BlackElo "2608"]
[WhiteTeam "Norway"]
[BlackTeam "Croatia"]
[WhiteFideId "1501984"]
[BlackFideId "14502879"]
[EventDate "2014.08.02"]

1. e4 c5 2. Nf3 e6 3. d4 cxd4 4. Nxd4 a6 5. c4 Nf6 6. Nc3 d6 7. Bd3 Qb6 8. Be3
Qc7 9. O-O Nbd7 10. f4 b6 11. Rc1 Be7 12. Qf3 O-O 13. g4 g6 14. g5 Nh5 15. b4
Re8 16. e5 dxe5 17. f5 Bb7 18. Nd5 exd5 19. fxg6 fxg6 20. Qf7+ Kh8 21. Bxg6 hxg6
22. Qxg6 Ndf6 23. Qh6+ Kg8 24. Qg6+ Kh8 25. Ne6 Bc5 26. Nxc7 Bxe3+ 27. Kg2 Bxg5
28. Nxe8 Rxe8 29. Qf7 Ba8 30. c5 bxc5 31. bxc5 Bc6 32. Qc7 Bb5 33. c6 Rg8 34.
Kh3 Bxc1 35. Qxe5 Bxf1+ 0-1

[Event "Olimpiade 2014 - Open"]
[Site "Tromsø"]
[Date "12.08.2014"]
[Round "10.4"]
[Board "1"]
[White "Leko, Peter"]
[Black "Lupulescu, Constantin"]
[Result "1/2-1/2"]
[WhiteTitle "GM"]
[BlackTitle "GM"]
[WhiteElo "2740"]
[BlackElo "2625"]
[WhiteTeam "Hungary"]
[BlackTeam "Romania"]
[WhiteFideId "703303"]
[BlackFideId "1207822"]
[EventDate "2014.08.02"]

1. e4 e6 2. d4 d5 3. Nc3 Bb4 4. e5 c5 5. a3 Bxc3+ 6. bxc3 Ne7 7. Qg4 O-O 8. Bd3
Nbc6 9. Qh5 Ng6 10. Nf3 Qc7 11. Be3 c4 12. Bxg6 fxg6 13. Qg4 b5 14. h4 Rf5 15.
Ng5 Qe7 16. Qh3 h6 17. g4 Rf8 18. h5 Qe8 19. Nf3 g5 20. Ng1 a5 21. Ne2 Ra7 22.
f4 Raf7 23. O-O gxf4 24. Nxf4 b4 25. axb4 axb4 26. cxb4 Nxb4 27. c3 Nc6 28. Ra2
Rb7 29. Bc1 Rff7 30. Raf2 Ra7 31. Ng6 Rxf2 32. Rxf2 Rf7 33. Ba3 Rxf2 34. Kxf2
Qf7+ 35. Qf3 Qxf3+ 36. Kxf3 Kf7 37. Kf4 Ba6 38. g5 hxg5+ 39. Kxg5 Bb5 40. h6
gxh6+ 41. Kxh6 Ba4 42. Nf8 Bc2 43. Nd7 Bb1 44. Nc5 Bc2 45. Nb7 Bb1 46. Bc1 Kg8
47. Bg5 Bc2 48. Bd8 Kf7 49. Kg5 Ke8 50. Bf6 Kf8 51. Kh6 Bb1 52. Bg7+ Ke7 53.
Bf6+ Kf8 54. Bg5 Bc2 55. Bc1 Bb1 56. Ba3+ Kg8 57. Kg5 Kg7 58. Bc5 Bc2 59. Bb6
Bb1 60. Bc5 Bc2 1/2-1/2

[Event "Olimpiade 2014 - Open"]
[Site "Tromsø"]
[Date "12.08.2014"]
[Round "10.4"]
[Board "3"]
[White "Almasi, Zoltan"]
[Black "Jianu, Vlad-Cristian"]
[Result "1/2-1/2"]
[WhiteTitle "GM"]
[BlackTitle "GM"]
[WhiteElo "2690"]
[BlackElo "2579"]
[WhiteTeam "Hungary"]
[BlackTeam "Romania"]
[WhiteFideId "702293"]
[BlackFideId "1208110"]
[EventDate "2014.08.02"]

1. e4 e6 2. d4 d5 3. Nc3 Nf6 4. e5 Nfd7 5. f4 c5 6. Nf3 Nc6 7. Be3 a6 8. Qd2 b5
9. a3 Qa5 10. Rd1 Rb8 11. dxc5 b4 12. Na2 Bxc5 13. Bxc5 Nxc5 14. Nxb4 Nxb4 15.
axb4 Rxb4 16. c3 Re4+ 17. Be2 Nb3 18. Qc2 Qb6 19. Nd4 Nxd4 20. Rxd4 Rxd4 21.
cxd4 O-O 22. Qd2 Bd7 23. O-O Rb8 24. Ra1 Qxb2 25. Qxb2 Rxb2 26. Bxa6 g6 27. Bf1
Kg7 28. Ra7 Be8 29. Ra8 Bc6 30. Ra6 Be8 31. Ra8 Bc6 32. Ra6 1/2-1/2

[Event "Olimpiade 2014 - Open"]
[Site "Tromsø"]
[Date "12.08.2014"]
[Round "10.4"]
[Board "4"]
[White "Vajda, Levente"]
[Black "Rapport, Richard"]
[Result "0-1"]
[WhiteTitle "GM"]
[BlackTitle "GM"]
[WhiteElo "2561"]
[BlackElo "2704"]
[WhiteTeam "Romania"]
[BlackTeam "Hungary"]
[WhiteFideId "1203975"]
[BlackFideId "738590"]
[EventDate "2014.08.02"]

1. e4 c5 2. c3 e6 3. d4 d5 4. exd5 exd5 5. Nf3 a6 6. Be3 cxd4 7. Bxd4 Nc6 8. Be2
Nxd4 9. Qxd4 Nf6 10. O-O Bd6 11. Nbd2 O-O 12. Bd3 h6 13. Rfe1 Qc7 14. Nb3 Bd7
15. h3 Rfe8 16. Rxe8+ Rxe8 17. Re1 Re6 18. Rd1 Bc6 19. Bf1 Ne4 20. c4 dxc4 21.
Bxc4 Bh2+ 22. Nxh2 Rd6 23. Nf1 Rxd4 24. Nxd4 Qf4 25. f3 Nf6 26. Be2 Ba4 27. Rd2
Nd5 28. g3 Qc7 29. Kf2 Bd7 30. h4 Bh3 31. Nc2 Bxf1 32. Kxf1 Qa5 33. Rd4 Qxa2 34.
Kf2 0-1

[Event "Olimpiade 2014 - Open"]
[Site "Tromsø"]
[Date "12.08.2014"]
[Round "10.5"]
[Board "2"]
[White "Gajewski, Grzegorz"]
[Black "Cheparinov, Ivan"]
[Result "1-0"]
[WhiteTitle "GM"]
[BlackTitle "GM"]
[WhiteElo "2659"]
[BlackElo "2681"]
[WhiteTeam "Poland"]
[BlackTeam "Bulgaria"]
[WhiteFideId "1116207"]
[BlackFideId "2905540"]
[EventDate "2014.08.02"]

1. d4 Nf6 2. c4 g6 3. Nc3 Bg7 4. e4 d6 5. Nf3 O-O 6. Be2 e5 7. O-O Nc6 8. d5 Ne7
9. a4 a5 10. Ne1 Nd7 11. Nd3 b6 12. Bd2 f5 13. f3 Nf6 14. Nf2 f4 15. Nb5 g5 16.
b4 h5 17. h3 Bh6 18. bxa5 bxa5 19. c5 g4 20. fxg4 hxg4 21. hxg4 Bg5 22. Ra3 Bh4
23. Rh3 Ng6 24. Nh1 Rf7 25. Be1 Bg5 26. Bf3 Rg7 27. Rh2 Qe7 28. c6 Nh7 29. Rf2
Bh4 30. Rb2 Ng5 31. Kf1 Rh7 32. Ke2 Bxe1 33. Rxh7 Qxh7 34. Qxe1 Qh2 35. Nf2 Nh4
36. Nxc7 Nhxf3 37. gxf3 Ra7 38. Nb5 Nxf3 39. Qh1 Nd4+ 40. Nxd4 Bxg4+ 41. Nf3 1-0

[Event "Olimpiade 2014 - Open"]
[Site "Tromsø"]
[Date "12.08.2014"]
[Round "10.5"]
[Board "4"]
[White "Bartel, Mateusz"]
[Black "Dimitrov, Radoslav"]
[Result "1/2-1/2"]
[WhiteTitle "GM"]
[BlackTitle "IM"]
[WhiteElo "2640"]
[BlackElo "2461"]
[WhiteTeam "Poland"]
[BlackTeam "Bulgaria"]
[WhiteFideId "1112635"]
[BlackFideId "2908549"]
[EventDate "2014.08.02"]

1. e4 c6 2. Nc3 d5 3. Nf3 Bg4 4. h3 Bh5 5. Be2 e6 6. d3 Bb4 7. Bd2 Bxf3 8. Bxf3
d4 9. Ne2 Bxd2+ 10. Qxd2 e5 11. c3 dxc3 12. Qxc3 Nd7 13. d4 Qe7 14. O-O Ngf6 15.
g3 O-O 16. Bg2 Rad8 17. Rad1 Rfe8 18. Rfe1 g6 19. b4 Nb6 20. dxe5 Rxd1 21. Rxd1
Qxe5 22. Qxe5 Rxe5 23. Nc3 Re8 24. f4 Nc4 25. Kf2 a5 26. bxa5 Ra8 27. e5 Ne8 28.
Rd7 Nxa5 29. a4 Ng7 30. Ne4 Ne6 31. Bf1 Rd8 32. Rxd8+ Nxd8 33. Ke3 Ne6 34. g4
Nc7 35. f5 Nd5+ 36. Kd4 b6 37. Nd2 gxf5 38. gxf5 f6 39. exf6 Kf7 40. Ke5 Nxf6
41. Kd6 Ne8+ 42. Ke5 Nf6 43. Kd6 Ne8+ 44. Kd7 Nf6+ 45. Kd8 Nd5 46. Ne4 c5 47.
Bb5 c4 48. Nd6+ Kf6 1/2-1/2